Last 5 Countries Alphabetically by Continent - Statistics

General Stats
  • This quiz has been taken 78 times
  • The average score is 28 of 30
Answer Stats
Continent Country % Correct
Africa Zambia
100%
Africa Zimbabwe
100%
Asia Yemen
98%
North America St. Kitts & Nevis
96%
North America St Lucia
96%
North America Trinidad & Tobago
96%
Africa Uganda
96%
Europe United Kingdom
96%
South America Uruguay
96%
Asia Uzbekistan
96%
Oceania Vanuatu
96%
South America Venezuela
96%
Asia Vietnam
96%
Oceania Samoa
95%
North America St. Vincent & the Grenadines
95%
South America Paraguay
93%
South America Peru
93%
South America Suriname
93%
Oceania Tonga
93%
Asia Turkmenistan
93%
Oceania Tuvalu
93%
Europe Vatican City
93%
Europe Ukraine
91%
Asia United Arab Emirates
91%
North America United States of America
91%
Oceania Solomon Islands
89%
Europe Sweden
89%
Africa Togo
89%
Africa Tunisia
88%
Europe Switzerland
86%
No matching quizzes found
Score Distribution
Percent of People with Each Score
Percentile by Number Answered
Your Score History
You have not taken this quiz